000
00359nam a2200109 4500
008
b xx# fre u
040
_a
LB-BrCRDP
082
1
_a
370.7
_b
AST
245
1
0
_a
Education et formation: nouvelles questions, nouveaux métiers
_c
Sous la direction de Jean-Pierre Astofli
942
_c
BK
999
_c
9418
_d
9418